000 01101cam a22002775a 4500
008 080229s2008 xxk f 000 0 eng d
020 _a9780418828403
035 _a(Sirsi) u142702
041 0 _aeng
050 0 4 _a692.8 $2 18
110 2 _aJoint Contracts Tribunal
_93664
240 _aMBC 2008
245 0 0 _aManagement works contract conditions
_bMCWC/C
246 _aMCWC/C
260 _aLondon
_bSweet and Maxwell
_c2008
300 _aiv, 83p.
_c30cm.
350 _a22.95
490 0 _aJCT Contracts 2008
505 2 _aConditions -- Definitions and interpretation -- Carrying out the works -- Control of the works -- Payment -- Valuation of work and variations -- Injury, damage and insurance -- Termination -- Settlement of disputes -- Schedules
521 2 _aAdvanced
650 2 4 _aJCT MANAGEMENT WORKS CONTRACT CONDITIONS (2008 EDITION)
650 2 4 _aJCT MANAGEMENT BUILDING CONTRACT (2008 EDITION)
651 4 _aUnited Kingdom
690 _aBUILT ENVIRONMENT-BUILDING CONTRACT FORMS-STANDARD FORMS OF BUILDING CONTRACT-JOINT CONTRACTS TRIBUNAL CONTRACTS
942 _n0
_2ddc
999 _c107947
_d107947